Evénements du 24 octobre - Statistiques

Statistiques générales
  • Ce quiz a été pris 34 fois
  • Le résultat moyen est 10 sur 15
Statistiques - réponses
Hint Réponse % Correct
Entrevue de Montoire entre Hitler et Pétain 1940
91%
Entrée en vigueur de la chartes des Nations Unies 1945
91%
Dernier vol du Concorde 2003
87%
Destruction de Pompéi 79
87%
Consécration de la cathédrale de Chartres 1260
83%
Indépendance de la Zambie 1964
83%
Robert II devient roi des Francs 996
83%
Annulation du mariage entre Henri IV et Marguerite de Valais 1599
78%
Salvador Allende devient président du Chili 1970
70%
Traité de Brétigny 1360
61%
Molière se produit pour la 1ère fois devant Louis XIV 1658
52%
Traités de Westphalie 1648
48%
1ère utilisation des empreintes digitales en matière judiciaire en France 1902
43%
Bataille de Caporetto 1917
39%
3e partage de la Pologne 1795
35%
Aucun quiz correspondant
Distribution des résultats
% des personnes avec chaque résultat
Percentile par nombre de réponses
Votre historique - résultats
Vous n’avez pas pris ce quiz